| 000 | 00360nam a2200109 4500 | ||
|---|---|---|---|
| 999 |
_c507362 _d507362 |
||
| 082 | _aB811x73 Un3/15 | ||
| 100 |
_aUnited States. Management Consulting and Research Organizations _91486 |
||
| 245 | _aThe administrative and fiscal impact of federal grants-in-aid | ||
| 260 |
_aWashington _bU.S. Government Printing Office _c1955 |
||
| 300 | _a120p. | ||
| 942 | _2ddc | ||